Определение оценочных показателей оползневого явления для оценки интенсивности денудационных процессов методом анализа фотоизображений нейросетью; Проблемы геологии и освоения недр; Т. 1

Bibliografiske detaljer
Parent link:Проблемы геологии и освоения недр: труды XXI Международного симпозиума имени академика М. А. Усова студентов и молодых ученых, посвященного 130-летию со дня рождения профессора М. И. Кучина, Томск, 3-7 апреля 2017 г./ Национальный исследовательский Томский политехнический университет (ТПУ), Институт природных ресурсов (ИПР) ; под ред. А. С. Боева.— , 2017
Т. 1.— 2017.— [С. 464-465]
Hovedforfatter: Курулюк И. Е. Иван Евгеньевич
Institution som forfatter: Национальный исследовательский Томский политехнический университет (ТПУ) Институт природных ресурсов (ИПР) Кафедра гидрогеологии, инженерной геологии и гидрогеоэкологии (ГИГЭ)
Andre forfattere: Строкова Л. А. Людмила Александровна (научный руководитель)
Summary:Заглавие с экрана
Sprog:russisk
Udgivet: 2017
Serier:Гидрогеология и инженерная геология. Геоинформационные системы вгидрогеологических исследованиях
Fag:
Online adgang:http://earchive.tpu.ru/handle/11683/42443
Format: Electronisk Book Chapter
KOHA link:https://koha.lib.tpu.ru/cgi-bin/koha/opac-detail.pl?biblionumber=623176

MARC

LEADER 00000naa2a2200000 4500
001 623176
005 20231101133241.0
035 |a (RuTPU)RU\TPU\conf\22060 
035 |a RU\TPU\conf\22056 
090 |a 623176 
100 |a 20170803d2017 k y0rusy50 ca 
101 0 |a rus 
102 |a RU 
105 |a y z 100zy 
135 |a drgn ---uucaa 
181 0 |a i  
182 0 |a b 
200 1 |a Определение оценочных показателей оползневого явления для оценки интенсивности денудационных процессов методом анализа фотоизображений нейросетью  |f И. Е. Курулюк  |g науч. рук. Л. А. Строкова 
203 |a Текст  |c электронный 
225 1 |a Гидрогеология и инженерная геология. Геоинформационные системы вгидрогеологических исследованиях 
230 |a 1 компьютерный файл (pdf; 303 Kb) 
300 |a Заглавие с экрана 
320 |a [Библиогр.: с. 465 (8 назв.)] 
461 1 |0 (RuTPU)RU\TPU\conf\21932  |t Проблемы геологии и освоения недр  |o труды XXI Международного симпозиума имени академика М. А. Усова студентов и молодых ученых, посвященного 130-летию со дня рождения профессора М. И. Кучина, Томск, 3-7 апреля 2017 г.  |o в 2 т.  |f Национальный исследовательский Томский политехнический университет (ТПУ), Институт природных ресурсов (ИПР) ; под ред. А. С. Боева  |d 2017 
463 1 |0 (RuTPU)RU\TPU\conf\21936  |t Т. 1  |v [С. 464-465]  |d 2017 
610 1 |a труды учёных ТПУ 
610 1 |a электронный ресурс 
610 1 |a оценочные показатели 
610 1 |a оползневые явления 
610 1 |a денудационные процессы 
610 1 |a фотоизображения 
610 1 |a нейросети 
610 1 |a оползневые процессы 
700 1 |a Курулюк  |b И. Е.  |c специалист в области информатики и вычислительной техники  |c программист Томского политехнического университета  |f 1990-  |g Иван Евгеньевич  |2 stltpush  |3 (RuTPU)RU\TPU\pers\37130 
702 1 |a Строкова  |b Л. А.  |c геолог  |c профессор Томского политехнического университета, доктор геолого-минералогических наук  |f 1963-  |g Людмила Александровна  |2 stltpush  |4 727 
712 0 2 |a Национальный исследовательский Томский политехнический университет (ТПУ)  |b Институт природных ресурсов (ИПР)  |b Кафедра гидрогеологии, инженерной геологии и гидрогеоэкологии (ГИГЭ)  |h 100  |2 stltpush  |3 (RuTPU)RU\TPU\col\18664 
801 2 |a RU  |b 63413507  |c 20170904  |g RCR 
856 4 |u http://earchive.tpu.ru/handle/11683/42443 
942 |c BK